000 01151nam a22002657a 4500
005 20170124103030.0
010 _aA-383850
020 _c100.00
_a8170551889
035 _aA-383850
037 _bCen Lib/Ret
040 _aDPL
_bHN
082 _a
_bदेसाई
100 _aदेसाई , रणजीत
_963603
245 _aराजा रवि वर्मा /
_c रणजीत देसाई ;अनुवादक सरजू प्रसाद मिश्र
246 _aRaja ravi verma
_b by Ranjeet Prasad Mishar ; anuvadak Sarju Prasad Mihsar
260 _aनई दिल्ली
_bवाणी प्रकशन
_c1989
270 _a4697/5,21ए -दरिया गंज
_b नई दिल्ली
_e110002
300 _a306पृष्ठ.
_c20सेमी(सजिल्द)
650 _aहिंदी साहित्य
_963604
650 _aहिंदी उपन्यास
_963605
650 _aHindi literature
_963606
650 _aHindi novel
_963607
700 _aमिश्र, सरजू प्रसाद
_963608
942 _2ddc
_cHN
_h
_mदेसाई
999 _c115862
_d115862